000 00570nam a22001577a 4500
003 OSt
005 20151006134127.0
008 151006b xxu||||| |||| 00| 0 eng d
040 _cRUA
082 _aAVM TRY 2006 B076 Or.1
100 _92157
_aTRY, RATANA.
245 _aThe study on fighting cock raising in doun keo district takeo province, ការសិក្សាអំពីពូជមាន់ជល់ នៅស្រុកដូនកែវខេត្តតាកែវ
260 _aPhnom Penh
_bRUA
_c2006
300 _a43p.
_bill.
_c29cm.
942 _2ddc
_cAVM
999 _c2028
_d2028